logo

Bir Sreshtho Munshi Abdur Rouf Library
Jhenaidah Cadet College

15 Minute Spanish / (Record no. 12571)

MARC details
000 -LEADER
fixed length control field 00639nam a2200253 a 4500
001 - CONTROL NUMBER
JCCL Control Number 12571
003 - CONTROL NUMBER IDENTIFIER
JCCL marc code BD-JhCC
005 - DATE AND TIME OF LATEST TRANSACTION
control field 20220910112100.0
008 - FIXED-LENGTH DATA ELEMENTS--GENERAL INFORMATION
fixed length control field 220313t20052018ii a|||| ||a| 001 0 eng d
020 ## - INTERNATIONAL STANDARD BOOK NUMBER
International Standard Book Number 9780241327371
035 ## - SYSTEM CONTROL NUMBER
system control number (BD-JhCC)12571
040 ## - CATALOGING SOURCE
Original cataloging agency BD-JhCC
Modifying agency BD-JhCC
041 ## - LANGUAGE CODE
Language code of Book English
082 ## - DEWEY DECIMAL CLASSIFICATION NUMBER
Classification number 468.2421
Author mark and Year BRE 2018
100 ## - MAIN ENTRY--PERSONAL NAME
Personal name Bremon, Ana
245 ## - TITLE STATEMENT
Title 15 Minute Spanish /
Statement of responsibility, etc Ana Bremon.
260 ## - PUBLICATION, DISTRIBUTION, ETC. (IMPRINT)
Place of publication, distribution, etc India :
Name of publisher, distributor, etc Dorling Kindersley;
Date of publication, distribution, etc 2018.
300 ## - PHYSICAL DESCRIPTION
Pagination 160 p. :
Other physical details ill;
Dimensions 22 cm.
650 ## - SUBJECT ADDED ENTRY--TOPICAL TERM
Topical term or geographic name as entry element Spanish Language
650 ## - SUBJECT ADDED ENTRY--TOPICAL TERM
Topical term or geographic name as entry element Study and Teaching
651 ## - SUBJECT ADDED ENTRY--GEOGRAPHIC NAME
Geographic name Spoken Spanish
942 ## - ADDED ENTRY ELEMENTS (KOHA)
Source of classification or shelving scheme Dewey Decimal Classification
Koha item type Books
Holdings
Source of classification or shelving scheme Damaged status Not for loan Home library Current library Shelving location Date of accession Total Checkouts Full call number Barcode Date last seen Date checked out Copy number Koha item type
Dewey Decimal Classification     JCC Rouf Library JCC Rouf Library General Stacks 07/23/2021 6 468.2421 BRE 2018 17129 09/04/2025 04/27/2025 C-1 Books

JCC Library | Contacts | JCC Home

Last Update on 23 September 2017
Copyright @ 2017-2020 JCC Rouf Library
Rouf Library, Jhenidah Cadet College (JCC), Bangladesh